[Event "32. Copenhagen Open (Politiken Cup)"]
[Site "Elsinore"]
[Date "2010.08.06"]
[Round "8"]
[White "Helin, Mikael"]
[Black "Dam, Vagnur"]
[Result "1-0"]
[WhiteElo "1930"]
[BlackElo "1673"]
[PlyCount "117"]
[EventDate "2010.07.31"]
[EventType "swiss"]
[EventRounds "10"]
[EventCountry "DEN"]
[Source "ChessBase"]
[SourceDate "2010.09.01"]

1. e4 c5 2. c4 Nc6 3. Nc3 e6 4. g3 Nge7 5. Bg2 g6 6. d3 Bg7 7. Nge2 O-O 8. Be3
b6 9. Qd2 a6 10. h4 f5 11. h5 Kf7 12. d4 cxd4 13. Nxd4 Rb8 14. Nf3 Ne5 15.
hxg6+ hxg6 16. Ng5+ Ke8 17. O-O-O Nxc4 18. Qe2 Nxe3 19. Nxe6 Nxd1 20. Nxd8 Nxc3
21. bxc3 Kxd8 22. e5 Rh8 23. Rd1 Ke8 24. Qd2 Bxe5 25. Re1 Bc7 26. Qd4 Rf8 27.
Qg7 Rf7 28. Qg8+ Rf8 29. Qxg6+ Kd8 30. Qg7 Re8 31. Bf3 Bd6 32. Bh5 Rg8 33. Qh7
Rf8 34. Kb2 Bc5 35. Bf3 f4 36. g4 Bb7 37. Qg7 Rg8 38. Qe5 Kc8 39. Qxf4 Bxf3 40.
Qxf3 Kc7 41. Rd1 a5 42. Qg3+ Kc6 43. f4 d6 44. f5 Rbf8 45. Qf4 Kc7 46. Rh1 Rf7
47. Rh6 Rgf8 48. Qf3 Ng8 49. Rh8 Rf6 50. Qd5 Nh6 51. Rxf8 Rxf8 52. Qe6 Rh8 53.
Qf6 Nf7 54. Qxf7+ Kc6 55. a4 Rh2+ 56. Kb3 Rh1 57. Qe8+ Kc7 58. Qf7+ Kc6 59. Kc4
1-0

[Event "32. Copenhagen Open (Politiken Cup)"]
[Site "Elsinore"]
[Date "2010.08.06"]
[Round "8"]
[White "Hillarp Persson, Tiger"]
[Black "Jorgensen, Michael"]
[Result "1/2-1/2"]
[WhiteElo "2538"]
[BlackElo "2230"]
[PlyCount "131"]
[EventDate "2010.07.31"]
[EventType "swiss"]
[EventRounds "10"]
[EventCountry "DEN"]
[Source "ChessBase"]
[SourceDate "2010.09.01"]

1. d4 f5 2. g3 Nf6 3. Bg2 g6 4. Nf3 Bg7 5. O-O d6 6. b3 O-O 7. Bb2 Qe8 8. c4 h6
9. Nbd2 g5 10. e3 Na6 11. Bc3 c6 12. Qc2 Qg6 13. Rae1 Bd7 14. Re2 Rf7 15. Ne1
Qh5 16. f3 Raf8 17. Nd3 Nc7 18. Ree1 Kh8 19. Bb2 Qg6 20. Qb1 f4 21. gxf4 Bf5
22. e4 Bc8 23. f5 Qh7 24. c5 Ncd5 25. Nc4 Ne8 26. Qc1 Rxf5 27. cxd6 exd6 28.
exf5 Bxf5 29. Re4 Ndf6 30. Nf2 d5 31. Rxe8 Rxe8 32. Ne5 Nh5 33. Re1 Rf8 34. Qc5
Nf4 35. Bf1 h5 36. Qxa7 g4 37. Qxb7 gxf3 38. Ba3 Qg8 39. Kh1 Bxe5 40. Rxe5 Ne2
41. Rxe2 fxe2 42. Bxe2 Bc8 43. Qxc6 Rxf2 44. Qh6+ Qh7 45. Qxh5 Qxh5 46. Bxh5
Bf5 47. Kg1 Rxa2 48. Bd6 Be4 49. Kf1 Rb2 50. b4 Bd3+ 51. Ke1 Kg7 52. Bf3 Bc4
53. h4 Kf6 54. Bg4 Kg6 55. Kd1 Rg2 56. Bd7 Kh5 57. Kc1 Kxh4 58. b5 Bd3 59. b6
Rc2+ 60. Kd1 Rb2 61. Bc7 Bb5 62. Kc1 Rb4 63. Bd6 Rc4+ 64. Kb2 Bxd7 65. b7 Rc8
66. bxc8=Q 1/2-1/2

[Event "32. Copenhagen Open (Politiken Cup)"]
[Site "Elsinore"]
[Date "2010.08.06"]
[Round "8"]
[White "Holm, Kristian Stuvik"]
[Black "Czarnota, Dorota"]
[Result "1/2-1/2"]
[WhiteElo "2086"]
[BlackElo "2214"]
[PlyCount "21"]
[EventDate "2010.07.31"]
[EventType "swiss"]
[EventRounds "10"]
[EventCountry "DEN"]
[Source "ChessBase"]
[SourceDate "2010.09.01"]

1. d4 d5 2. c4 c6 3. Nf3 Nf6 4. Nc3 e6 5. Bg5 h6 6. Bh4 Be7 7. e3 O-O 8. cxd5
exd5 9. Qc2 Ne4 10. Bxe7 Qxe7 11. Bd3 1/2-1/2

[Event "32. Copenhagen Open (Politiken Cup)"]
[Site "Elsinore"]
[Date "2010.08.06"]
[Round "8"]
[White "Hvenekilde, Jorgen"]
[Black "Spiess, Thomas"]
[Result "1/2-1/2"]
[WhiteElo "2111"]
[BlackElo "1979"]
[PlyCount "94"]
[EventDate "2010.07.31"]
[EventType "swiss"]
[EventRounds "10"]
[EventCountry "DEN"]
[Source "ChessBase"]
[SourceDate "2010.09.01"]

1. d4 d5 2. c4 e6 3. Nf3 Nf6 4. g3 Bb4+ 5. Bd2 Be7 6. Bg2 c6 7. O-O O-O 8. Qc2
b6 9. Rd1 Ba6 10. b3 Nbd7 11. Be1 Qc7 12. Nbd2 Rac8 13. e4 dxe4 14. Nxe4 c5 15.
d5 Nxe4 16. Qxe4 Nf6 17. Qc2 exd5 18. cxd5 Bb7 19. Ng5 h6 20. Nh3 Rcd8 21. Nf4
Bd6 22. Bc3 Bxf4 23. Bxf6 gxf6 24. gxf4 Qxf4 25. Rd3 Kh8 26. Rad1 Rg8 27. Rg3
Rg5 28. Qc4 Qxc4 29. bxc4 Ba6 30. Bf1 Kg7 31. Re1 Kf8 32. Ree3 Bc8 33. Ra3 a6
34. Rab3 Rd6 35. f4 Rg4 36. Rxg4 Bxg4 37. Kf2 Bd7 38. Rc3 Kg7 39. Rg3+ Kf8 40.
Rc3 Kg7 41. Rg3+ Kf8 42. Rc3 f5 43. Bg2 Rg6 44. Bf3 Ke7 45. Re3+ Kd6 46. Ra3
Bc8 47. Rb3 Ke7 1/2-1/2

[Event "32. Copenhagen Open (Politiken Cup)"]
[Site "Elsinore"]
[Date "2010.08.06"]
[Round "8"]
[White "Hyldkrog, Lars"]
[Black "Kyrkjebo, Erlend"]
[Result "0-1"]
[WhiteElo "2044"]
[BlackElo "1922"]
[PlyCount "58"]
[EventDate "2010.07.31"]
[EventType "swiss"]
[EventRounds "10"]
[EventCountry "DEN"]
[Source "ChessBase"]
[SourceDate "2010.09.01"]

1. e4 c5 2. Nf3 d6 3. d4 cxd4 4. Nxd4 Nf6 5. Nc3 g6 6. Be3 Bg7 7. f3 O-O 8. Qd2
Nc6 9. Bc4 Bd7 10. O-O-O Rb8 11. h4 b5 12. Ndxb5 Ne5 13. Be2 Qa5 14. Nd4 Rfc8
15. Nb3 Qc7 16. Kb1 a5 17. a4 Rb4 18. h5 Bxa4 19. Nxa4 Rxa4 20. hxg6 fxg6 21.
Rc1 Rb8 22. g4 Rab4 23. Bd4 Nc4 24. Bxc4+ Qxc4 25. Nxa5 Qa6 26. Bxf6 Rxb2+ 27.
Ka1 Bxf6 28. Qd5+ Kf8 29. c3 R8b5 0-1

[Event "32. Copenhagen Open (Politiken Cup)"]
[Site "Elsinore"]
[Date "2010.08.06"]
[Round "8"]
[White "Jacobsen, Bo"]
[Black "Andersen, Morten"]
[Result "1/2-1/2"]
[WhiteElo "2335"]
[BlackElo "2179"]
[PlyCount "81"]
[EventDate "2010.07.31"]
[EventType "swiss"]
[EventRounds "10"]
[EventCountry "DEN"]
[Source "ChessBase"]
[SourceDate "2010.09.01"]

1. c4 Nf6 2. g3 e5 3. Bg2 c6 4. d4 Bb4+ 5. Bd2 Bxd2+ 6. Qxd2 d6 7. Nc3 O-O 8.
e3 Qe7 9. Nge2 Nbd7 10. O-O Ne8 11. f4 f5 12. e4 Nb6 13. b3 fxe4 14. fxe5 Rxf1+
15. Rxf1 dxe5 16. Nxe4 Bg4 17. N2c3 Rd8 18. d5 cxd5 19. cxd5 h6 20. Qe3 Nxd5
21. Nxd5 Rxd5 22. Qxa7 Be6 23. h3 Bf7 24. g4 Rd8 25. Re1 Qb4 26. Qe3 Qd4 27.
Kh2 b6 28. a3 Nc7 29. Ng3 Qxe3 30. Rxe3 Rd2 31. b4 Nd5 32. Re2 Rd3 33. Rxe5 Nf4
34. Ne2 Nxg2 35. Kxg2 Rxa3 36. Nf4 Bc4 37. Re8+ Kf7 38. Rb8 b5 39. Rb7+ Kg8 40.
Rb8+ Kf7 41. Rb7+ 1/2-1/2

[Event "32. Copenhagen Open (Politiken Cup)"]
[Site "Elsinore"]
[Date "2010.08.06"]
[Round "8"]
[White "Jacobsen, Caroline Beer"]
[Black "Rasmussen, Morten Fredsgaard"]
[Result "0-1"]
[WhiteElo "1590"]
[BlackElo "1956"]
[PlyCount "80"]
[EventDate "2010.07.31"]
[EventType "swiss"]
[EventRounds "10"]
[EventCountry "DEN"]
[Source "ChessBase"]
[SourceDate "2010.09.01"]

1. e4 c6 2. d4 d5 3. Nc3 dxe4 4. Nxe4 Bf5 5. Ng3 Bg6 6. Nf3 Nd7 7. h4 h6 8. h5
Bh7 9. Bd3 Bxd3 10. Qxd3 e6 11. Bf4 Qa5+ 12. Bd2 Bb4 13. Qb3 Bxd2+ 14. Nxd2 Qc7
15. Qe3 Ngf6 16. c4 Ng4 17. Qf3 Ngf6 18. O-O O-O 19. Nde4 Rad8 20. c5 Nd5 21.
Nd6 b6 22. Qa3 bxc5 23. dxc5 Nxc5 24. Qxc5 Rxd6 25. Rac1 Nf4 26. Rc2 Rfd8 27.
Qc4 Nd3 28. Kh1 c5 29. Kg1 Rd5 30. Rd1 Nxb2 31. Rxd5 Nxc4 32. Rxd8+ Qxd8 33.
Rxc4 Qd5 34. Rc3 c4 35. Ra3 Qc5 36. Ra4 c3 37. Ne2 c2 38. Nc1 Qxh5 39. f3 Qg5
40. f4 Qb5 0-1

[Event "32. Copenhagen Open (Politiken Cup)"]
[Site "Elsinore"]
[Date "2010.08.06"]
[Round "8"]
[White "Jacobsen, Per"]
[Black "Wimo, Jorgen"]
[Result "0-1"]
[WhiteElo "1689"]
[BlackElo "1807"]
[PlyCount "46"]
[EventDate "2010.07.31"]
[EventType "swiss"]
[EventRounds "10"]
[EventCountry "DEN"]
[Source "ChessBase"]
[SourceDate "2010.09.01"]

1. b3 Nf6 2. Bb2 e6 3. Nf3 d5 4. e3 Nbd7 5. Be2 Be7 6. O-O O-O 7. d4 c6 8. Nbd2
Qc7 9. c4 b6 10. Rc1 c5 11. dxc5 bxc5 12. cxd5 Nxd5 13. Ne4 Bb7 14. Nxc5 Bxc5
15. e4 Ne3 16. Qd3 Nxf1 17. Kxf1 Qd6 18. Qc3 e5 19. Rd1 Qe7 20. Bb5 Bb4 21. Qd3
Nc5 22. Qc4 Nxe4 23. Rd7 Qc5 0-1

[Event "32. Copenhagen Open (Politiken Cup)"]
[Site "Elsinore"]
[Date "2010.08.06"]
[Round "8"]
[White "Jensen, Ib"]
[Black "Porte, Henrik"]
[Result "1-0"]
[WhiteElo "1970"]
[BlackElo "2130"]
[PlyCount "91"]
[EventDate "2010.07.31"]
[EventType "swiss"]
[EventRounds "10"]
[EventCountry "DEN"]
[Source "ChessBase"]
[SourceDate "2010.09.01"]

1. d4 Nf6 2. Nf3 g6 3. Nc3 Bg7 4. Bf4 d6 5. Qd2 O-O 6. Bh6 Nbd7 7. Bxg7 Kxg7 8.
e3 c5 9. Be2 a6 10. a4 cxd4 11. exd4 b6 12. O-O Bb7 13. Ng5 Qc7 14. Bf3 d5 15.
Ne2 Rac8 16. c3 b5 17. a5 Rfe8 18. g3 h6 19. Nh3 Ne4 20. Qe3 Ndf6 21. Nhf4 Qd7
22. Nd3 Qf5 23. Bg2 Ng5 24. f3 Nd7 25. h4 Qe6 26. Qd2 Nh7 27. Nef4 Qd6 28. Bh3
Nhf8 29. Kf2 Rc4 30. Rfe1 Kh7 31. Ng2 b4 32. Nxb4 e5 33. Ne3 Rc7 34. Ng4 h5 35.
Nxe5 Nxe5 36. Rxe5 Rxe5 37. dxe5 Qc5+ 38. Qe3 d4 39. Qxd4 Qxd4+ 40. cxd4 Rc4
41. Nd3 Rxd4 42. Ke3 Rd5 43. f4 Rb5 44. b4 Bd5 45. Rc1 Rb8 46. Rc8 1-0

[Event "32. Copenhagen Open (Politiken Cup)"]
[Site "Elsinore"]
[Date "2010.08.06"]
[Round "8"]
[White "Jensen, Leif Norholm"]
[Black "Heggum, Tore"]
[Result "1/2-1/2"]
[WhiteElo "1810"]
[BlackElo "1689"]
[PlyCount "56"]
[EventDate "2010.07.31"]
[EventType "swiss"]
[EventRounds "10"]
[EventCountry "DEN"]
[Source "ChessBase"]
[SourceDate "2010.09.01"]

1. f4 Nf6 2. b3 g6 3. Bb2 Bg7 4. Nf3 d5 5. e3 O-O 6. Be2 b6 7. O-O Bb7 8. Ne5
Nbd7 9. Bf3 Rb8 10. d4 Ne4 11. Nd2 Ndf6 12. c4 Nxd2 13. Qxd2 Ne4 14. Bxe4 dxe4
15. Ng4 f5 16. Nf2 e6 17. Rfd1 c6 18. Rac1 Qe7 19. Bc3 Rbd8 20. Qb2 Rd7 21. b4
Rfd8 22. c5 b5 23. g4 Rd5 24. g5 Bh8 25. Qe2 Qf7 26. h4 R5d7 27. Nh1 h6 28. Rd2
h5 1/2-1/2

[Event "32. Copenhagen Open (Politiken Cup)"]
[Site "Elsinore"]
[Date "2010.08.06"]
[Round "8"]
[White "Jensen, Morten Frank"]
[Black "Brondt, Nicolai Kvist"]
[Result "1/2-1/2"]
[WhiteElo "2005"]
[BlackElo "2152"]
[PlyCount "116"]
[EventDate "2010.07.31"]
[EventType "swiss"]
[EventRounds "10"]
[EventCountry "DEN"]
[Source "ChessBase"]
[SourceDate "2010.09.01"]

1. e4 c6 2. d4 d5 3. f3 dxe4 4. fxe4 e5 5. Nf3 Bg4 6. Bc4 Nd7 7. O-O Ngf6 8. c3
Bd6 9. Qb3 O-O 10. Bxf7+ Rxf7 11. Ng5 Bh5 12. Nxf7 Bxf7 13. Qxb7 Qc8 14. Qxc8+
Rxc8 15. Nd2 Bg6 16. Nc4 Bc7 17. Be3 exd4 18. Bxd4 Bxe4 19. Nd2 Bb6 20. Nxe4
Nxe4 21. Rae1 Ndf6 22. g3 Rb8 23. Re2 Rd8 24. Bxb6 axb6 25. Rfe1 Re8 26. Kg2
Kf7 27. a4 Re5 28. b4 Ke6 29. c4 Kd6 30. Rd1+ Kc7 31. Rde1 Kd6 32. Rd1+ Kc7 33.
Rde1 Kb7 34. g4 Kc7 35. h4 h6 36. Kf3 Nd2+ 37. Kf4 Rxe2 38. Rxe2 Nxc4 39. Re7+
Kd6 40. Rxg7 Ke6 41. Rg6 Kf7 42. Rxh6 Kg7 43. g5 Nd5+ 44. Ke4 Nxb4 45. Kd4 b5
46. axb5 cxb5 47. Kc5 Nd3+ 48. Kxb5 Nce5 49. Kb6 Nf3 50. Kc6 Nde5+ 51. Kd5 Nf7
52. Rf6 Nxh4 53. Rf4 Ng6 54. Rg4 Nf8 55. Rg1 Kg6 56. Rf1 Nh7 57. Rf6+ Nxf6+ 58.
gxf6 Kxf6 1/2-1/2

[Event "32. Copenhagen Open (Politiken Cup)"]
[Site "Elsinore"]
[Date "2010.08.06"]
[Round "8"]
[White "Kaaber Hansen, Jacob"]
[Black "Sorensen, Torben N"]
[Result "0-1"]
[WhiteElo "2232"]
[BlackElo "2419"]
[PlyCount "96"]
[EventDate "2010.07.31"]
[EventType "swiss"]
[EventRounds "10"]
[EventCountry "DEN"]
[Source "ChessBase"]
[SourceDate "2010.09.01"]

1. e4 c5 2. Nf3 Nc6 3. d4 cxd4 4. Nxd4 g6 5. c4 Bg7 6. Nc2 d6 7. Be2 Nf6 8. Nc3
O-O 9. O-O Nd7 10. Bd2 a5 11. Na3 Nc5 12. Nab5 b6 13. Be3 Bb7 14. Qd2 Rb8 15.
Rad1 Ba8 16. f4 Rb7 17. Bf3 Rd7 18. g4 a4 19. g5 Na5 20. Qe2 Qb8 21. Rd2 Rc8
22. Bg4 e6 23. f5 Re8 24. f6 Bf8 25. Bf3 Rc8 26. Bf4 Rcd8 27. Bg3 Bc6 28. Nd4
Bb7 29. Ndb5 Bc6 30. Nd4 Qa8 31. Nxc6 Nxc6 32. e5 dxe5 33. Rxd7 Rxd7 34. Qg2 e4
35. Nxe4 Qd8 36. Bf4 Nd4 37. Kh1 Nd3 38. Bg3 Nf5 39. Qe2 h6 40. h4 Nxg3+ 41.
Nxg3 Qc7 42. Ne4 Qxc4 43. Bg2 Rd4 44. b3 axb3 45. axb3 Qxb3 46. h5 Nc5 47. hxg6
Nxe4 48. gxf7+ Kh8 0-1

[Event "32. Copenhagen Open (Politiken Cup)"]
[Site "Elsinore"]
[Date "2010.08.06"]
[Round "8"]
[White "Knudsen, Jes West"]
[Black "Christensen, Simon Ellegaard"]
[Result "1-0"]
[WhiteElo "1985"]
[BlackElo "1829"]
[PlyCount "61"]
[EventDate "2010.07.31"]
[EventType "swiss"]
[EventRounds "10"]
[EventCountry "DEN"]
[Source "ChessBase"]
[SourceDate "2010.09.01"]

1. e4 b6 2. d4 Bb7 3. Nc3 e6 4. Bd3 Bb4 5. Nge2 c5 6. a3 Bxc3+ 7. bxc3 c4 8.
Bxc4 Bxe4 9. Bf4 Nc6 10. O-O Nge7 11. Ng3 Bg6 12. Ba6 Na5 13. Bd6 Nc8 14. Bb4
Nc6 15. Qf3 Nxb4 16. cxb4 Ne7 17. c4 O-O 18. d5 Qc7 19. Rfd1 d6 20. Rac1 Rad8
21. Ne4 Qd7 22. Bb5 Qb7 23. Bc6 Nxc6 24. dxc6 Qxc6 25. Nf6+ gxf6 26. Qxc6 d5
27. cxd5 exd5 28. Qxf6 Rfe8 29. h4 h5 30. Rd4 Rd7 31. Qg5 1-0

[Event "32. Copenhagen Open (Politiken Cup)"]
[Site "Elsinore"]
[Date "2010.08.06"]
[Round "8"]
[White "Kopperberg, Steen"]
[Black "Hansen, Erik Friberg"]
[Result "1-0"]
[WhiteElo "1798"]
[BlackElo "1558"]
[PlyCount "57"]
[EventDate "2010.07.31"]
[EventType "swiss"]
[EventRounds "10"]
[EventCountry "DEN"]
[Source "ChessBase"]
[SourceDate "2010.09.01"]

1. d4 Nf6 2. Bg5 d6 3. Nf3 Nbd7 4. Nbd2 g6 5. c3 Bg7 6. e4 e5 7. Bb5 c6 8. Bc4
Qc7 9. Qb3 O-O 10. O-O b5 11. Bd3 Nb6 12. Rac1 Ba6 13. dxe5 dxe5 14. c4 bxc4
15. Nxc4 Nxc4 16. Bxc4 Bxc4 17. Rxc4 Qd6 18. Qa4 c5 19. Rd1 Qc7 20. Bxf6 Bxf6
21. Rd5 Qb6 22. Qc2 Rab8 23. b3 Rbc8 24. g3 Rfe8 25. Rdxc5 Rxc5 26. Rxc5 Qb8
27. Qc4 Qd6 28. Kg2 Re7 29. Rc6 1-0

[Event "32. Copenhagen Open (Politiken Cup)"]
[Site "Elsinore"]
[Date "2010.08.06"]
[Round "8"]
[White "Larsen, Eigil"]
[Black "Skjoldager, Flemming"]
[Result "0-1"]
[WhiteElo "1813"]
[BlackElo "2006"]
[PlyCount "124"]
[EventDate "2010.07.31"]
[EventType "swiss"]
[EventRounds "10"]
[EventCountry "DEN"]
[Source "ChessBase"]
[SourceDate "2010.09.01"]

1. e4 c5 2. Nc3 Nc6 3. f4 d6 4. Bc4 e6 5. Nf3 g6 6. d4 cxd4 7. Nxd4 a6 8. Be3
Bg7 9. Qd2 Nge7 10. O-O-O Na5 11. Bb3 O-O 12. h4 e5 13. Nf3 Nxb3+ 14. axb3 Qa5
15. Kb1 exf4 16. Bxf4 Re8 17. Qxd6 Nc6 18. Nd5 Be6 19. Bg5 Rac8 20. h5 Bxd5 21.
Rxd5 b5 22. Bd2 Qc7 23. hxg6 hxg6 24. Qxc7 Rxc7 25. Re1 Rce7 26. Rd6 Re6 27.
Rxe6 Rxe6 28. c4 b4 29. Kc2 a5 30. Bf4 f6 31. g4 Bf8 32. Kd3 Bc5 33. Bc7 Re7
34. Bf4 Rd7+ 35. Kc2 Re7 36. Kd3 Kg7 37. Be3 Rd7+ 38. Kc2 Bxe3 39. Rxe3 Nd4+
40. Nxd4 Rxd4 41. c5 Kf7 42. c6 Rd6 43. Rd3 Rxc6+ 44. Kd2 Ke6 45. g5 fxg5 46.
Rg3 Kf6 47. Kd3 Rc8 48. Kd4 Rc2 49. Kd5 Rd2+ 50. Kc4 Rxb2 51. e5+ Kf5 52. Re3
Rc2+ 53. Kb5 Rc3 54. Re1 Ke6 55. Kxa5 Rxb3 56. Ka4 Rb2 57. Re3 g4 58. Rg3 Kxe5
59. Rxg4 Kf5 60. Rc4 g5 61. Rc8 Kf4 62. Rf8+ Kg3 0-1

[Event "32. Copenhagen Open (Politiken Cup)"]
[Site "Elsinore"]
[Date "2010.08.06"]
[Round "8"]
[White "Haagen Larsen, Hans"]
[Black "Rolvag, Birk Anders"]
[Result "0-1"]
[WhiteElo "1798"]
[BlackElo "1919"]
[PlyCount "90"]
[EventDate "2010.07.31"]
[EventType "swiss"]
[EventRounds "10"]
[EventCountry "DEN"]
[Source "ChessBase"]
[SourceDate "2010.09.01"]

1. d4 Nf6 2. Bf4 g6 3. Nf3 Bg7 4. e3 O-O 5. Be2 d6 6. h3 b6 7. Nbd2 Bb7 8. O-O
c5 9. c3 Nc6 10. a4 Qc7 11. dxc5 bxc5 12. Nc4 Rad8 13. a5 e5 14. Bh2 Ne4 15. a6
Ba8 16. Qa4 f5 17. Ncd2 Nxd2 18. Nxd2 g5 19. f4 gxf4 20. e4 Ne7 21. Bf3 fxe4
22. Nxe4 d5 23. Ng5 Rf6 24. Bg4 Qd6 25. Qa5 Nc6 26. Qa4 h6 27. Nf3 e4 28. Nh4
Rdf8 29. Rad1 Ne5 30. Bh5 Nd3 31. Rd2 Qb6 32. Rxd3 exd3 33. Nf3 Re6 34. Qd7 d4
35. Nd2 Qc6 36. Qxc6 Bxc6 37. c4 Be8 38. Bxe8 Rfxe8 39. Bxf4 Rxa6 40. Rb1 Be5
41. Bxe5 Rxe5 42. b4 Re2 43. b5 Ra2 44. Nb3 Rxg2+ 45. Kh1 Rh2+ 0-1

[Event "32. Copenhagen Open (Politiken Cup)"]
[Site "Elsinore"]
[Date "2010.08.06"]
[Round "8"]
[White "Larsen, Mikael"]
[Black "Justinussen, Sigurd B"]
[Result "1/2-1/2"]
[WhiteElo "2088"]
[BlackElo "1941"]
[PlyCount "102"]
[EventDate "2010.07.31"]
[EventType "swiss"]
[EventRounds "10"]
[EventCountry "DEN"]
[Source "ChessBase"]
[SourceDate "2010.09.01"]

1. d4 d5 2. c4 e6 3. Nc3 Nf6 4. cxd5 exd5 5. Bg5 Be7 6. e3 h6 7. Bh4 c6 8. Bd3
Be6 9. Nf3 O-O 10. Ne5 Nbd7 11. Bg3 Nxe5 12. Bxe5 Bd6 13. Bxd6 Qxd6 14. h3 Nd7
15. O-O f5 16. Ne2 Nf6 17. Nf4 Ne4 18. h4 Bf7 19. h5 Qf6 20. Rb1 Qg5 21. g3 Nf6
22. Be2 Ng4 23. Kg2 Rfe8 24. Bxg4 fxg4 25. Rh1 Be6 26. Nxe6 Rxe6 27. b4 Rf8 28.
Rb2 Qf5 29. Rh4 Qe4+ 30. Kg1 Rf3 31. Qc2 Rf7 32. Qxe4 Rxe4 33. b5 Rc7 34. bxc6
bxc6 35. Rb8+ Kf7 36. Rd8 Ke7 37. Rg8 Kf7 38. Rd8 Ke7 39. Rg8 Kf6 40. Rd8 Ke6
41. Re8+ Kf5 42. Rf8+ Kg5 43. Rd8 Re6 44. Kg2 Rf6 45. Rb8 Rcf7 46. Rb2 a5 47.
a4 Rd6 48. Rh1 Rdf6 49. Rc1 Kxh5 50. Rc5 Ra7 51. e4 g5 1/2-1/2

[Event "32. Copenhagen Open (Politiken Cup)"]
[Site "Elsinore"]
[Date "2010.08.06"]
[Round "8"]
[White "Madsen, Dennis"]
[Black "Fjellengen, Baard"]
[Result "1/2-1/2"]
[WhiteElo "1557"]
[BlackElo "1909"]
[PlyCount "78"]
[EventDate "2010.07.31"]
[EventType "swiss"]
[EventRounds "10"]
[EventCountry "DEN"]
[Source "ChessBase"]
[SourceDate "2010.09.01"]

1. d4 Nf6 2. Nc3 d5 3. f3 Nc6 4. e4 dxe4 5. Bb5 Bd7 6. fxe4 e6 7. Bg5 Be7 8.
Nf3 h6 9. Bxf6 Bxf6 10. e5 Be7 11. d5 exd5 12. Qxd5 Nb4 13. Bxd7+ Qxd7 14.
Qxd7+ Kxd7 15. O-O-O+ Kc8 16. a3 Nc6 17. Rhe1 Re8 18. e6 f5 19. Rd7 Nb8 20.
Red1 c6 21. h4 Bf6 22. Rf7 Rxe6 23. Rf8+ Kc7 24. Nd4 Bxd4 25. Rxd4 Rf6 26. Rg8
g6 27. Rc4 Kd6 28. g4 Ke5 29. gxf5 gxf5 30. Rd8 Rd6 31. Rf8 Rf6 32. Rc5+ Ke6
33. Re8+ Kd7 34. Rce5 Rf7 35. b4 b5 36. Rh8 Rf6 37. Rh7+ Kd8 38. Rh8+ Kd7 39.
Rh7+ Kd8 1/2-1/2

[Event "32. Copenhagen Open (Politiken Cup)"]
[Site "Elsinore"]
[Date "2010.08.06"]
[Round "8"]
[White "Meier, Georg"]
[Black "Postny, Evgeny"]
[Result "1/2-1/2"]
[WhiteElo "2648"]
[BlackElo "2577"]
[PlyCount "103"]
[EventDate "2010.07.31"]
[EventType "swiss"]
[EventRounds "10"]
[EventCountry "DEN"]
[Source "ChessBase"]
[SourceDate "2010.09.01"]

1. d4 Nf6 2. c4 e6 3. g3 d5 4. Nf3 Bb4+ 5. Bd2 Be7 6. Bg2 c6 7. O-O Nbd7 8. Qc2
O-O 9. Bf4 a5 10. Rd1 b5 11. c5 Nh5 12. Bd6 Bxd6 13. cxd6 Nb8 14. Nbd2 f5 15.
Nb3 Qxd6 16. a4 b4 17. Ne5 Bd7 18. Rac1 Be8 19. f3 Nf6 20. e4 fxe4 21. fxe4
dxe4 22. Bxe4 Nxe4 23. Qxe4 Nd7 24. Qxc6 Qxc6 25. Nxc6 Nb6 26. Nbxa5 Nxa4 27.
Rd2 Nb6 28. Re2 Bd7 29. Rc5 Nd5 30. Ne5 Be8 31. Rf2 Bh5 32. g4 Bg6 33. h4 Be4
34. h5 h6 35. Rxf8+ Rxf8 36. Nac4 Nf4 37. Ne3 Ne2+ 38. Kh2 Ra8 39. Ng6 Nxd4 40.
Rc4 Nf3+ 41. Kg3 Bxg6 42. Kxf3 Bd3 43. Rxb4 Rf8+ 44. Kg3 g6 45. hxg6 Bxg6 46.
Ng2 e5 47. Rb6 Be4 48. Nh4 Rd8 49. Nf5 Bxf5 50. gxf5 Rd4 51. Rxh6 Rb4 52. Re6
1/2-1/2

[Event "32. Copenhagen Open (Politiken Cup)"]
[Site "Elsinore"]
[Date "2010.08.06"]
[Round "8"]
[White "Meier, Lars"]
[Black "Ostergaard, Rasmus"]
[Result "0-1"]
[WhiteElo "1934"]
[BlackElo "2145"]
[PlyCount "70"]
[EventDate "2010.07.31"]
[EventType "swiss"]
[EventRounds "10"]
[EventCountry "DEN"]
[Source "ChessBase"]
[SourceDate "2010.09.01"]

1. e4 e5 2. Nf3 Nc6 3. Bb5 a6 4. Bxc6 dxc6 5. h3 Be7 6. O-O Bf6 7. c3 c5 8. d3
Be6 9. Be3 Qd6 10. d4 cxd4 11. cxd4 exd4 12. e5 Bxe5 13. Nxe5 dxe3 14. Qa4+ c6
15. Nf3 exf2+ 16. Rxf2 Nf6 17. Nc3 O-O 18. Qh4 Rad8 19. Raf1 Rfe8 20. Ng5 h6
21. Rxf6 Qc5+ 22. R6f2 Qxg5 23. Qb4 Rd7 24. b3 c5 25. Qe4 Rde7 26. h4 Qg3 27.
Rf3 Qc7 28. Qc2 b5 29. Qc1 Qe5 30. Rf4 Bd5 31. Nxd5 Qxd5 32. Qc3 Re3 33. Qa5
Re2 34. R4f3 Qd4+ 35. R3f2 Rxf2 0-1

[Event "32. Copenhagen Open (Politiken Cup)"]
[Site "Elsinore"]
[Date "2010.08.06"]
[Round "8"]
[White "Mercant Simon, Jaume"]
[Black "Jacobsen, Fredrik Beer"]
[Result "1-0"]
[WhiteElo "2100"]
[BlackElo "1955"]
[PlyCount "83"]
[EventDate "2010.07.31"]
[EventType "swiss"]
[EventRounds "10"]
[EventCountry "DEN"]
[Source "ChessBase"]
[SourceDate "2010.09.01"]

1. e4 e5 2. Nf3 Nc6 3. Bc4 Nf6 4. d3 Bc5 5. c3 O-O 6. Bg5 d6 7. Nbd2 a6 8. b4
Ba7 9. O-O Be6 10. Qe2 Qe7 11. Kh1 h6 12. Be3 d5 13. Bxa7 Rxa7 14. Bb3 dxe4 15.
dxe4 Raa8 16. Nh4 Ne8 17. Bxe6 Qxe6 18. Nf5 Nd6 19. g4 Nxf5 20. gxf5 Qe7 21.
Rg1 Kh7 22. Nc4 g5 23. Ne3 f6 24. Rg3 Qf7 25. Rh3 Kg7 26. Nd5 Rac8 27. Rd1 Rfd8
28. Rhd3 Kh8 29. Qd2 Rd6 30. a4 Rcd8 31. Qe2 Nb8 32. R1d2 c6 33. Nf4 Rxd3 34.
Rxd3 Rxd3 35. Nxd3 Qb3 36. Nc5 Qxc3 37. Qh5 Qxb4 38. Qxh6+ Kg8 39. Qg6+ Kh8 40.
Qxf6+ Kh7 41. Qg6+ Kh8 42. f6 1-0

[Event "32. Copenhagen Open (Politiken Cup)"]
[Site "Elsinore"]
[Date "2010.08.06"]
[Round "8"]
[White "Moller, Arne"]
[Black "Skjoldager, Per"]
[Result "1-0"]
[WhiteElo "1907"]
[BlackElo "2137"]
[PlyCount "81"]
[EventDate "2010.07.31"]
[EventType "swiss"]
[EventRounds "10"]
[EventCountry "DEN"]
[Source "ChessBase"]
[SourceDate "2010.09.01"]

1. e4 c6 2. d4 d5 3. Nc3 dxe4 4. Nxe4 Nf6 5. Nxf6+ exf6 6. Nf3 Bd6 7. Be2 O-O
8. h3 Re8 9. O-O Nd7 10. c4 Nf8 11. a3 Be6 12. Re1 Qd7 13. Bf1 Ng6 14. Be3 Rad8
15. Qb3 Bb8 16. Rad1 Ne7 17. Qc3 Nf5 18. Rd3 Qc7 19. Red1 Nh4 20. Be2 Bf5 21.
R3d2 Be4 22. d5 Nxf3+ 23. Bxf3 Qh2+ 24. Kf1 Bxf3 25. gxf3 f5 26. dxc6 Rxd2 27.
Qxd2 Qxh3+ 28. Ke2 Qh4 29. b3 bxc6 30. Qd7 Kf8 31. Qxf5 Qh2 32. Rd7 f6 33. Qc5+
Kg8 34. Qxc6 Rxe3+ 35. Kxe3 Qe5+ 36. Kd3 Qf5+ 37. Kc3 Be5+ 38. Kb4 a5+ 39. Ka4
h5 40. Qc8+ Kh7 41. Rxg7+ 1-0